Historia fidedigna de la nueva Ley Orgánica Constitucional del Tribunal Constitucional de Chile
Saved in:
| Main Author: | |
|---|---|
| Format: | Book |
| Language: | Spanish |
| Published: |
Santiago
Tribunal Constitucional de Chile
2012
|
| Series: | Cuadernos del Tribunal Constitucional, 50
|
| Subjects: | |
| Tags: |
Add Tag
No Tags, Be the first to tag this record!
|
MARC
| LEADER | 00000cam a2200000 a 4500 | ||
|---|---|---|---|
| 001 | UCF4068 | ||
| 003 | CL-VaPUC | ||
| 008 | 121115e20120900CL |||||||||||||||||spa|d | ||
| 082 | 0 | 4 | |a 342.06 |b ARE |2 21 |
| 100 | 0 | |a Arellano Gómez, Pilar |e author |9 565727 | |
| 245 | 1 | 0 | |a Historia fidedigna de la nueva Ley Orgánica Constitucional del Tribunal Constitucional de Chile |
| 300 | |a 754 p | ||
| 942 | |c BK | ||
| 945 | |d 20121115 00:00:00 |a dcastane | ||
| 260 | |a Santiago |b Tribunal Constitucional de Chile |c 2012 | ||
| 500 | |a Discusión parlamentaria y sentencia de control de constitucionalidad referidas a los preceptos de la Ley Nº 20.381, que modificó la Ley Nº 17.997, orgánica constitucional del Tribunal Constitucional | ||
| 650 | 0 | |a Derecho administrativo |9 254851 | |
| 650 | 7 | |a LEY ORGANICA CONSTITUCIONAL |2 CL-VaPUC |9 451785 | |
| 650 | 0 | |a Administración del Estado |9 391238 | |
| 583 | |a last modification |c 20121115 10:00:00 |k Rodrigo Vera | ||
| 490 | 0 | |a Cuadernos del Tribunal Constitucional, 50 | |
| 999 | |c 350064 |d 350062 | ||
| 952 | |0 0 |1 0 |4 0 |6 342_060000000000000_ARE_2012 |7 0 |8 A |9 453043 |a BIBDER |b BIBDER |d 2019-11-22 |i 4923421 |o 342.06 ARE 2012 |p 4923421 |r 2023-01-25 |w 2019-11-22 |y BK |k DER | ||